| 000 | 00918nam a22002897a 4500 | ||
|---|---|---|---|
| 001 | 0007696 | ||
| 003 | KOHA_MİRAKIL | ||
| 005 | 20260207001607.0 | ||
| 007 | ta | ||
| 008 | 091001b1998 tu |||gr||||#||||0|tur | | ||
| 020 | _a9757351342 | ||
| 040 |
_aTR-BiSEU _btur _cTR-BiSEU _erda |
||
| 041 | 0 | _atur | |
| 044 | _ctu | ||
| 050 |
_aHG4916 _b.E73 1998 |
||
| 100 | 1 | _aErdinç, Yaşar. | |
| 245 | 1 |
_aBorsada analiz : _byatırıma psikolojik hazırlık, yöntem seçimi, strateji ve başarı/ _cYaşar Erdinç ; Yaşar Erdinç. |
|
| 264 | 1 |
_aAnkara : _bSiyasal _c1998 |
|
| 300 | _avii, 378 sayfa: resimli | ||
| 336 |
_ametin _btxt _2rdacontent |
||
| 337 |
_aaracısız _bn _2rdamedia |
||
| 338 |
_acilt _bnc _2rdacarrier |
||
| 500 | _aKaynakça var. | ||
| 650 | 0 |
_aFinansal yatırım araçları--Fiyatlar--Tahmin. _94027 |
|
| 650 | 0 |
_aHisse senetleri--Fiyatlar--Türkiye--Diyagramlar. _919104 |
|
| 942 |
_2lcc _cBK |
||
| 999 |
_c7673 _d7673 |
||